000 00547nam a2200181Ia 4500
999 _c14726
_d14726
003 OSt
005 20201022100106.0
008 190216s9999||||xx |||||||||||||| ||und||
020 _a9780198064619
040 _coclc
082 _a891.448
_bBAR/O
100 _aBardhan, Kalpana
_95883
245 4 _aThe Oxford India Anthology Of Bengali Literature /
_cKalpana Bardhan
260 _bOxford University Press ,
_c2010.
_aNew Delhi:
300 _a473p
650 _aEnglish
942 _cBK
_2ddc
_h891.448
_iBAR/O
_k891.448
_mBAR/O